Reductive dehalogenation of chlorobenzene congeners in cell extracts of dehalococcoides sp. strain CBDB1 /

保存先:
書誌詳細
第一著者: Holscher, Tina.
その他の著者: Adrian, Lorenz., Gorisch, Helmut.
フォーマット: 論文
言語:English
主題:
タグ: タグ追加
タグなし, このレコードへの初めてのタグを付けませんか!
Thư viện lưu trữ: Thư viện Trường Đại học Đà Lạt
LEADER 00939nam a2200301 4500
001 DLU090092396
005 ##20091201
040 # # |a DLU  |b eng 
041 # # |a eng 
044 # # |a us 
100 # # |a Holscher, Tina. 
245 # # |a Reductive dehalogenation of chlorobenzene congeners in cell extracts of dehalococcoides sp. strain CBDB1 /  |c Tina Holscher, Helmut Gorisch, Lorenz Adrian. 
653 # # |a Dehalococcoides 
653 # # |a Dehalogenation  
653 # # |a Inhibition  
653 # # |a Iodides  
700 # # |a Adrian, Lorenz. 
700 # # |a Gorisch, Helmut. 
773 # # |t Applied and Environmental Microbiology  |g Vol. 69, no. 5 (May 2003), p. 2999-3001 
920 # # |a Phòng Tạp chí -- Trung tâm Thông tin - Thư viện Trường Đại học Đà Lạt 
994 # # |a DLU 
900 # # |a True 
911 # # |a Trương Bảo Trâm Anh 
925 # # |a G 
926 # # |a A 
927 # # |a BB 
980 # # |a Thư viện Trường Đại học Đà Lạt